On This Day: October 22nd II Quiz Stats

 Plays Quiz Updated Oct 22, 2018

Score 0/7 Timer 03:00
0 Plays Today
Question Answer Wrong Answers
In East Liverpool, Ohio, FBI Agents track down and kill Charles Arthur Floyd, a notorious bank robber better known by this nickname.
1934
Pretty Boy
83.2%
Clark Kent Bandit
3.9%
Machine Gun
11.1%
Hard Head
1.6%
This man is officially given the title of 'Emperor of All Russia.'
1721
Peter the Great
79.8%
Nicholas II
16%
Boris Godunov
1.1%
Grigori Rasputin
3.1%
This Japanese baseball player, who would amass over 4,300 hits between his NPB & MLB careers, is born.
1973
Ichiro Suzuki
73.8%
Yu Darvish
2.7%
Hideo Nomo
12.9%
So Taguchi
9.7%
In a game against the Montreal Canadiens, this Boston Bruins hockey legend scores his first NHL goal.
1966
Bobby Orr
73.3%
Wayne Gretzky
20.9%
Jacques Plante
2.8%
Maurice Richard
2.6%
This artist releases her fourth album, Red, featuring the single 'I Knew You Were Trouble.'
2012
Taylor Swift
72.5%
Katy Perry
11%
Rihanna
9.9%
Avril Lavigne
5.4%
This company announces its offer to acquire Time Warner for $108.7 billion.
2016
AT&T
64.1%
Johnson & Johnson
1.4%
Apple
12.8%
NBC Universal
20.5%
Known for his starring role as Sheriff Bart in Blazing Saddles, this actor passes away at the age of 53.
1992
Cleavon Little
51.8%
Gene Wilder
17.5%
Richard Pryor
23.7%
Ossie Davis
5.9%

You're not logged in!

Compare scores with friends on all Sporcle quizzes.
OR
Log In

Sporcle TV

Today on Sporcle TV


Watch our educational content, quiz creation guides, and fun videos on Sporcle TV.

Show Comments

Extras

Top Quizzes Today


Score Distribution

Your Account Isn't Verified!

In order to create a playlist on Sporcle, you need to verify the email address you used during registration. Go to your Sporcle Settings to finish the process.

Report this User

Report this user for behavior that violates our Community Guidelines.

Details: